| 000 | 00958cam a2200253 i 4500 | ||
|---|---|---|---|
| 003 | SA-RiAUC | ||
| 005 | 20251020064510.0 | ||
| 008 | 251001s1995 su g 000 0 ara c | ||
| 040 |
_aSA-RiAUC _bara _cSA-RiAUC _erda |
||
| 082 | 0 | 4 | _a002 |
| 090 |
_a002 _bص و ي |
||
| 100 | 1 |
_aالصويان، أحمد بن عبد الرحمن بن سليمان، _d1383 هجري- _eمؤلف. |
|
| 245 | 1 | 2 |
_aالكتاب الإسلامي المعاصر : _bنظرات نقدية / _cأحمد عبد الرحمن بن سليمان الصويان. |
| 250 | _aالطبعة الأولى. | ||
| 264 | 1 |
_aالرياض : _bدار طيبة، _c1995 |
|
| 300 |
_a96 صفحة ؛ _c24 سم |
||
| 336 |
_aنص _btxt _2rdacontent _3كتاب |
||
| 337 |
_aبدون وسيط _bn _2rdamedia |
||
| 338 |
_aمجلد _bnc _2rdacarrier |
||
| 650 | 7 |
_aالنشر _2aucsh |
|
| 650 | 7 |
_aالكتب _xتاريخ _2aucsh |
|
| 942 |
_2ddc _cBOOK _n0 |
||
| 949 |
_aSA-JeALM _d251001 _umohamedma123 _n1 |
||
| 999 |
_c12626 _d12626 |
||